Southville International School and Colleges
Your cart is empty.
  • Cart
  • Lists
    Public lists list_1 View all
    Your lists Log in to create your own lists
  • Log in to your account
  • Your cookies
  • Search history
Southville International School and Colleges
  • Advanced search
  • Recent comments
  • Most popular
  • Libraries

Log in to your account

Log in with GOOGLE


If you do not have an external account, but do have a local account, you can still log in:

  1. Home
  2. MARC view: Management control systems /
Normal view MARC view ISBD view

Management control systems / (Record no. 23321)

[ view plain ]
MARC details
000 -LEADER
fixed length control field 00679nam a2200241 a 4500
005 - DATE AND TIME OF LATEST TRANSACTION
control field 20140310183449.0
008 - FIXED-LENGTH DATA ELEMENTS--GENERAL INFORMATION
fixed length control field 081223s19uu xx 00 eng d
020 ## - INTERNATIONAL STANDARD BOOK NUMBER
International Standard Book Number 9780071254106
050 ## - LIBRARY OF CONGRESS CALL NUMBER
Classification number HD 31
Item number .An495 2007
100 ## - MAIN ENTRY--PERSONAL NAME
Personal name Anthony, Robert N.
245 ## - TITLE STATEMENT
Title Management control systems /
Statement of responsibility, etc Robert N. Anthony.
250 ## - EDITION STATEMENT
Edition statement 12th ed.
260 ## - PUBLICATION, DISTRIBUTION, ETC. (IMPRINT)
Place of publication, distribution, etc Boston :
Name of publisher, distributor, etc McGraw-Hill,
Date of publication, distribution, etc 2007.
300 ## - PHYSICAL DESCRIPTION
Extent 768 p. :
Other physical details ill. ;
Dimensions 27 cm.
521 ## - TARGET AUDIENCE NOTE
Target audience note
650 ## - SUBJECT ADDED ENTRY--TOPICAL TERM
Topical term or geographic name as entry element BSBA.
650 ## - SUBJECT ADDED ENTRY--TOPICAL TERM
Topical term or geographic name as entry element Industrial management.
650 ## - SUBJECT ADDED ENTRY--TOPICAL TERM
Topical term or geographic name as entry element Industrial management
General subdivision Case studies.
650 ## - SUBJECT ADDED ENTRY--TOPICAL TERM
Topical term or geographic name as entry element Cost control.
700 ## - ADDED ENTRY--PERSONAL NAME
Personal name Govindarajan, Vijay
942 ## - ADDED ENTRY ELEMENTS (KOHA)
Koha item type Books
Source of classification or shelving scheme Library of Congress Classification
Call number prefix Foreign
Holdings
Withdrawn status Lost status Source of classification or shelving scheme Damaged status Home library Current library Shelving location Date acquired Source of acquisition Total Checkouts Total Renewals Full call number Barcode Date last seen Date checked out Copy number Price effective from Koha item type
    Library of Congress Classification   College Library College Library Graduate Section 12/23/2008 Donation 3 9 HD 31 .An495 2007 C9989 05/22/2019 04/11/2019 1 10/18/2013 Books

Management control systems /

APA

Anthony R. N., Govindarajan V., . (2007). Management control systems. Boston: McGraw-Hill.

Chicago

Anthony Robert N, Govindarajan Vijay, . 2007. Management control systems. Boston: McGraw-Hill.

Harvard

Anthony R. N., Govindarajan V., . (2007). Management control systems. Boston: McGraw-Hill.

MLA

Anthony Robert N, Govindarajan Vijay, . Management control systems. Boston: McGraw-Hill. 2007.

  • Place hold
  • Print
  • Cite
  • Add to your cart (remove)
  • Save record
    BIBTEX Dublin Core MARCXML MARC (non-Unicode/MARC-8) MARC (Unicode/UTF-8) MARC (Unicode/UTF-8, Standard) MODS (XML) RIS
  • More searches
    Search for this title in:
    Other Libraries (WorldCat) Other Databases (Google Scholar) Online Stores (Bookfinder.com) Open Library (openlibrary.org)

Exporting to Dublin Core...

SOUTHVILLE LIBRARY

Southville International School and Colleges Library

1281 Tropical Ave. Cor. Luxembourg St., BF Homes International, Las Pinas City

Tel. No. 8256374 / 252358 Loc. 117/146

Powered by Koha